[Event "English Open Championship 2024"]
[Site "Holiday Inn, 212 Abbey End, Kenilworth CV8 1ED, United Kingdom"]
[Date "2024.06.21"]
[Round "3.1"]
[White "Adams, Michael"]
[Black "Wells, Peter K"]
[Result "1-0"]
[TimeControl "G90 + 30secs/move"]
[WhiteFideId "400041"]
[BlackFideId "400327"]
[WhiteElo "2670"]
[BlackElo "2354"]

1. e4 {[%clk 01:30:56]} {[%emt 00:00:02]} e5 {[%clk 01:30:53]} {[%emt
00:00:08]} 2. Nf3 {[%clk 01:31:19]} {[%emt 00:00:07]} Nc6 {[%clk 01:31:17]}
{[%emt 00:00:06]} 3. Bb5 {[%clk 01:31:43]} {[%emt 00:00:06]} a6 {[%clk
01:31:40]} {[%emt 00:00:08]} 4. Ba4 {[%clk 01:32:07]} {[%emt 00:00:05]} Nf6
{[%clk 01:32:02]} {[%emt 00:00:08]} 5. O-O {[%clk 01:32:31]} {[%emt 00:00:06]}
Be7 {[%clk 01:32:20]} {[%emt 00:00:12]} 6. d3 {[%clk 01:32:34]} {[%emt
00:00:26]} b5 {[%clk 01:32:11]} {[%emt 00:00:40]} 7. Bb3 {[%clk 01:32:56]}
{[%emt 00:00:08]} d6 {[%clk 01:32:23]} {[%emt 00:00:19]} 8. c3 {[%clk
01:33:16]} {[%emt 00:00:09]} O-O {[%clk 01:25:59]} {[%emt 00:06:54]} 9. h3
{[%clk 01:33:32]} {[%emt 00:00:14]} Na5 {[%clk 01:25:07]} {[%emt 00:01:22]} 10.
Bc2 {[%clk 01:33:53]} {[%emt 00:00:08]} c5 {[%clk 01:25:14]} {[%emt 00:00:24]}
11. d4 {[%clk 01:33:59]} {[%emt 00:00:24]} cxd4 {[%clk 01:14:48]} {[%emt
00:10:56]} 12. cxd4 {[%clk 01:34:23]} {[%emt 00:00:06]} Nc6 {[%clk 01:14:01]}
{[%emt 00:01:17]} 13. Nc3 {[%clk 01:26:21]} {[%emt 00:08:32]} Nxd4 {[%clk
01:03:25]} {[%emt 00:11:06]} 14. Nxd4 {[%clk 01:26:41]} {[%emt 00:00:09]} exd4
{[%clk 01:03:52]} {[%emt 00:00:04]} 15. Qxd4 {[%clk 01:26:56]} {[%emt
00:00:15]} Be6 {[%clk 00:56:01]} {[%emt 00:08:21]} 16. Bf4 {[%clk 01:17:48]}
{[%emt 00:09:39]} Rc8 {[%clk 00:53:06]} {[%emt 00:03:25]} 17. Bb3 {[%clk
01:12:36]} {[%emt 00:05:41]} Qd7 {[%clk 00:37:43]} {[%emt 00:15:53]} 18. Rfd1
{[%clk 01:04:57]} {[%emt 00:08:09]} Rfd8 {[%clk 00:37:37]} {[%emt 00:00:36]} 19.
Rd2 {[%clk 01:02:34]} {[%emt 00:02:52]} Bc4 {[%clk 00:27:42]} {[%emt 00:10:26]}
20. Qe3 {[%clk 00:44:47]} {[%emt 00:18:17]} Qe6 {[%clk 00:23:56]} {[%emt
00:04:16]} 21. Bxc4 {[%clk 00:43:07]} {[%emt 00:02:10]} Rxc4 {[%clk 00:22:55]}
{[%emt 00:01:30]} 22. Re1 {[%clk 00:43:14]} {[%emt 00:00:23]} h6 {[%clk
00:20:13]} {[%emt 00:03:12]} 23. b3 {[%clk 00:38:23]} {[%emt 00:05:21]} Rcc8
{[%clk 00:19:22]} {[%emt 00:01:20]} 24. Ree2 {[%clk 00:36:14]} {[%emt
00:02:38]} Nh5 {[%clk 00:14:05]} {[%emt 00:05:48]} 25. Rc2 {[%clk 00:30:40]}
{[%emt 00:06:03]} Nxf4 {[%clk 00:05:59]} {[%emt 00:08:36]} 26. Qxf4 {[%clk
00:31:04]} {[%emt 00:00:06]} Bg5 {[%clk 00:05:49]} {[%emt 00:00:41]} 27. Qf3
{[%clk 00:30:38]} {[%emt 00:00:56]} Re8 {[%clk 00:05:33]} {[%emt 00:00:46]} 28.
Qd3 {[%clk 00:29:29]} {[%emt 00:01:38]} h5 {[%clk 00:05:04]} {[%emt 00:00:59]}
29. Re1 {[%clk 00:24:06]} {[%emt 00:05:53]} h4 {[%clk 00:01:44]} {[%emt
00:03:51]} 30. Rce2 {[%clk 00:22:55]} {[%emt 00:01:40]} Qe5 {[%clk 00:01:20]}
{[%emt 00:00:55]} 31. Nd5 {[%clk 00:22:35]} {[%emt 00:00:50]} Rc5 {[%clk
00:00:44]} {[%emt 00:01:06]} 32. Qf3 {[%clk 00:20:25]} {[%emt 00:02:40]} Rec8
{[%clk 00:00:40]} {[%emt 00:00:34]} 33. Qg4 {[%clk 00:18:10]} {[%emt 00:02:44]}
g6 {[%clk 00:00:37]} {[%emt 00:00:34]} 34. f4 {[%clk 00:15:57]} {[%emt
00:02:42]} Qd4+ {[%clk 00:01:04]} {[%emt 00:00:03]} 35. Kh1 {[%clk 00:15:45]}
{[%emt 00:00:43]} Bd8 {[%clk 00:01:29]} {[%emt 00:00:05]} 36. f5 {[%clk
00:14:28]} {[%emt 00:01:47]} g5 {[%clk 00:00:54]} {[%emt 00:01:04]} 37. f6
{[%clk 00:13:23]} {[%emt 00:01:36]} Bxf6 {[%clk 00:00:39]} {[%emt 00:00:44]} 38.
Rf1 {[%clk 00:13:05]} {[%emt 00:00:48]} Bd8 {[%clk 00:00:35]} {[%emt 00:00:35]}
39. Ref2 {[%clk 00:10:35]} {[%emt 00:02:59]} Rc1 {[%clk 00:00:31]} {[%emt
00:00:34]} 40. Rxf7 {[%clk 00:09:48]} {[%emt 00:01:17]} Qe5 {[%clk 00:00:36]}
{[%emt 00:00:26]} 41. Qd7 {[%clk 00:07:29]} {[%emt 00:02:49]} Rxf1+ {[%clk
00:00:37]} {[%emt 00:00:29]} 42. Rxf1 {[%clk 00:07:56]} {[%emt 00:00:02]} Rb8
{[%clk 00:00:36]} {[%emt 00:00:32]} 1-0

[Event "English Open Championship 2024"]
[Site "Holiday Inn, 212 Abbey End, Kenilworth CV8 1ED, United Kingdom"]
[Date "2024.06.21"]
[Round "3.2"]
[White "Hebden, Mark L"]
[Black "Jones, Gawain Cb"]
[Result "0-1"]
[TimeControl "G90 + 30secs/move"]
[WhiteFideId "400084"]
[BlackFideId "409561"]
[WhiteElo "2398"]
[BlackElo "2633"]

1. d4 {[%clk 01:30:54]} {[%emt 00:00:05]} Nf6 {[%clk 01:26:41]} {[%emt
00:04:21]} 2. Bg5 {[%clk 01:29:41]} {[%emt 00:01:42]} d5 {[%clk 01:27:05]}
{[%emt 00:00:06]} 3. e3 {[%clk 01:29:30]} {[%emt 00:00:41]} Ne4 {[%clk
01:27:30]} {[%emt 00:00:06]} 4. Bf4 {[%clk 01:26:32]} {[%emt 00:03:27]} Bf5
{[%clk 01:27:52]} {[%emt 00:00:08]} 5. Nd2 {[%clk 01:21:24]} {[%emt 00:05:38]}
e6 {[%clk 01:27:50]} {[%emt 00:00:32]} 6. Bd3 {[%clk 01:20:51]} {[%emt
00:01:02]} g5 {[%clk 01:27:29]} {[%emt 00:00:51]} 7. Bg3 {[%clk 01:18:31]}
{[%emt 00:02:50]} Nc6 {[%clk 01:17:39]} {[%emt 00:10:20]} 8. Ne2 {[%clk
01:15:43]} {[%emt 00:03:18]} Be7 {[%clk 01:08:57]} {[%emt 00:09:12]} 9. a3
{[%clk 00:58:38]} {[%emt 00:17:35]} Qd7 {[%clk 01:04:09]} {[%emt 00:05:18]} 10.
Nxe4 {[%clk 00:50:17]} {[%emt 00:08:51]} dxe4 {[%clk 01:00:28]} {[%emt
00:04:12]} 11. Bb5 {[%clk 00:50:23]} {[%emt 00:00:24]} a6 {[%clk 00:54:29]}
{[%emt 00:06:29]} 12. Ba4 {[%clk 00:50:19]} {[%emt 00:00:33]} b5 {[%clk
00:47:47]} {[%emt 00:07:12]} 13. Bb3 {[%clk 00:48:45]} {[%emt 00:02:04]} Na5
{[%clk 00:48:13]} {[%emt 00:00:04]} 14. Nc3 {[%clk 00:45:02]} {[%emt 00:04:13]}
Rd8 {[%clk 00:42:49]} {[%emt 00:05:54]} 15. O-O {[%clk 00:41:30]} {[%emt
00:04:02]} h5 {[%clk 00:35:42]} {[%emt 00:07:38]} 16. f3 {[%clk 00:39:08]}
{[%emt 00:02:51]} exf3 {[%clk 00:32:50]} {[%emt 00:03:22]} 17. Qxf3 {[%clk
00:39:26]} {[%emt 00:00:12]} Nxb3 {[%clk 00:31:40]} {[%emt 00:01:40]} 18. cxb3
{[%clk 00:39:46]} {[%emt 00:00:08]} h4 {[%clk 00:24:02]} {[%emt 00:08:09]} 19.
Bf2 {[%clk 00:37:28]} {[%emt 00:02:48]} g4 {[%clk 00:23:07]} {[%emt 00:01:26]}
20. Qe2 {[%clk 00:37:18]} {[%emt 00:00:39]} g3 {[%clk 00:15:43]} {[%emt
00:07:55]} 21. hxg3 {[%clk 00:37:10]} {[%emt 00:00:37]} e5 {[%clk 00:15:06]}
{[%emt 00:01:08]} 22. gxh4 {[%clk 00:31:44]} {[%emt 00:05:56]} Rg8 {[%clk
00:13:50]} {[%emt 00:01:46]} 23. Qf3 {[%clk 00:31:00]} {[%emt 00:01:14]} Bg4
{[%clk 00:12:33]} {[%emt 00:01:48]} 24. Qg3 {[%clk 00:28:39]} {[%emt 00:02:50]}
Kf8 {[%clk 00:12:07]} {[%emt 00:00:53]} 25. Qxe5 {[%clk 00:23:57]} {[%emt
00:05:14]} Bd6 {[%clk 00:06:05]} {[%emt 00:06:32]} 26. Qf6 {[%clk 00:20:58]}
{[%emt 00:03:30]} Bh3 {[%clk 00:04:26]} {[%emt 00:02:09]} 27. g3 {[%clk
00:19:04]} {[%emt 00:02:23]} Bxf1 {[%clk 00:03:03]} {[%emt 00:01:54]} 28. Rxf1
{[%clk 00:18:05]} {[%emt 00:01:29]} Bxg3 {[%clk 00:03:08]} {[%emt 00:00:25]} 29.
Bxg3 {[%clk 00:18:01]} {[%emt 00:00:34]} Rxg3+ {[%clk 00:03:31]} {[%emt
00:00:07]} 30. Kf2 {[%clk 00:18:20]} {[%emt 00:00:11]} Rg6 {[%clk 00:03:44]}
{[%emt 00:00:17]} 31. Qh8+ {[%clk 00:17:17]} {[%emt 00:01:32]} Rg8 {[%clk
00:04:04]} {[%emt 00:00:10]} 32. Qh6+ {[%clk 00:16:30]} {[%emt 00:01:18]} Ke7
{[%clk 00:04:30]} {[%emt 00:00:04]} 33. Ne4 {[%clk 00:15:29]} {[%emt 00:01:31]}
Qf5+ {[%clk 00:04:13]} {[%emt 00:00:46]} 34. Qf4 {[%clk 00:15:10]} {[%emt
00:00:50]} Qxf4+ {[%clk 00:04:32]} {[%emt 00:00:11]} 35. exf4 {[%clk 00:15:38]}
{[%emt 00:00:02]} Rg4 {[%clk 00:03:47]} {[%emt 00:01:15]} 36. Rc1 {[%clk
00:13:36]} {[%emt 00:02:32]} Rxf4+ {[%clk 00:03:13]} {[%emt 00:01:05]} 37. Ke3
{[%clk 00:14:00]} {[%emt 00:00:05]} Rxh4 {[%clk 00:03:39]} {[%emt 00:00:03]} 38.
Rxc7+ {[%clk 00:14:23]} {[%emt 00:00:07]} Rd7 {[%clk 00:04:05]} {[%emt
00:00:04]} 39. Rc6 {[%clk 00:13:00]} {[%emt 00:01:54]} Rh3+ {[%clk 00:04:30]}
{[%emt 00:00:05]} 40. Kf4 {[%clk 00:13:06]} {[%emt 00:00:24]} Rh4+ {[%clk
00:03:54]} {[%emt 00:01:06]} 41. Ke3 {[%clk 00:12:44]} {[%emt 00:00:52]} Rh3+
{[%clk 00:02:37]} {[%emt 00:01:47]} 42. Kf4 {[%clk 00:13:07]} {[%emt 00:00:06]}
Rxd4 {[%clk 00:03:03]} {[%emt 00:00:05]} 43. Ke5 {[%clk 00:12:56]} {[%emt
00:00:41]} Rd1 {[%clk 00:03:10]} {[%emt 00:00:23]} 44. Rxa6 {[%clk 00:09:51]}
{[%emt 00:03:34]} Rh5+ {[%clk 00:02:44]} {[%emt 00:00:57]} 45. Kf4 {[%clk
00:10:12]} {[%emt 00:00:09]} Rh4+ {[%clk 00:03:09]} {[%emt 00:00:05]} 0-1

[Event "English Open Championship 2024"]
[Site "Holiday Inn, 212 Abbey End, Kenilworth CV8 1ED, United Kingdom"]
[Date "2024.06.21"]
[Round "3.3"]
[White "Derakhshani, Borna"]
[Black "Ghasi, Ameet K"]
[Result "1/2-1/2"]
[TimeControl "G90 + 30secs/move"]
[WhiteFideId "12518450"]
[BlackFideId "409200"]
[WhiteElo "2355"]
[BlackElo "2496"]

1. e4 {[%clk 01:26:12]} {[%emt 00:04:48]} c6 {[%clk 01:28:39]} {[%emt
00:02:21]} 2. Nf3 {[%clk 01:26:33]} {[%emt 00:00:09]} d5 {[%clk 01:28:57]}
{[%emt 00:00:12]} 3. Nc3 {[%clk 01:26:59]} {[%emt 00:00:05]} dxe4 {[%clk
01:28:33]} {[%emt 00:00:54]} 4. Nxe4 {[%clk 01:27:22]} {[%emt 00:00:07]} Nf6
{[%clk 01:29:00]} {[%emt 00:00:03]} 5. Qe2 {[%clk 01:27:47]} {[%emt 00:00:05]}
Nxe4 {[%clk 01:28:18]} {[%emt 00:01:12]} 6. Qxe4 {[%clk 01:28:12]} {[%emt
00:00:04]} Nd7 {[%clk 01:26:52]} {[%emt 00:01:57]} 7. c3 {[%clk 01:27:31]}
{[%emt 00:01:11]} Nf6 {[%clk 01:11:53]} {[%emt 00:15:25]} 8. Qc2 {[%clk
01:27:56]} {[%emt 00:00:09]} g6 {[%clk 01:06:25]} {[%emt 00:05:58]} 9. Bc4
{[%clk 01:24:27]} {[%emt 00:03:58]} Bg7 {[%clk 01:04:24]} {[%emt 00:02:31]} 10.
d4 {[%clk 01:24:41]} {[%emt 00:00:17]} O-O {[%clk 01:04:01]} {[%emt 00:00:53]}
11. O-O {[%clk 01:25:00]} {[%emt 00:00:09]} Bf5 {[%clk 01:00:14]} {[%emt
00:04:17]} 12. Qe2 {[%clk 01:23:03]} {[%emt 00:02:28]} Bg4 {[%clk 00:50:02]}
{[%emt 00:10:43]} 13. Re1 {[%clk 01:21:38]} {[%emt 00:01:55]} e6 {[%clk
00:49:50]} {[%emt 00:00:42]} 14. a4 {[%clk 01:19:33]} {[%emt 00:02:35]} Nd5
{[%clk 00:37:57]} {[%emt 00:12:23]} 15. h3 {[%clk 01:15:30]} {[%emt 00:04:32]}
Bxf3 {[%clk 00:38:19]} {[%emt 00:00:08]} 16. Qxf3 {[%clk 01:15:57]} {[%emt
00:00:03]} a5 {[%clk 00:38:44]} {[%emt 00:00:06]} 17. Bxd5 {[%clk 01:10:38]}
{[%emt 00:05:48]} cxd5 {[%clk 00:30:10]} {[%emt 00:09:05]} 18. Bf4 {[%clk
01:04:15]} {[%emt 00:06:52]} Qb6 {[%clk 00:25:33]} {[%emt 00:05:07]} 19. Re2
{[%clk 01:04:34]} {[%emt 00:00:11]} Rac8 {[%clk 00:24:07]} {[%emt 00:01:55]} 20.
h4 {[%clk 01:03:46]} {[%emt 00:01:18]} h6 {[%clk 00:24:20]} {[%emt 00:00:17]}
21. Qe3 {[%clk 00:58:58]} {[%emt 00:05:18]} Kh7 {[%clk 00:24:19]} {[%emt
00:00:32]} 1/2-1/2

[Event "English Open Championship 2024"]
[Site "Holiday Inn, 212 Abbey End, Kenilworth CV8 1ED, United Kingdom"]
[Date "2024.06.21"]
[Round "3.4"]
[White "Willow, Jonah B"]
[Black "Jackson, James P"]
[Result "1/2-1/2"]
[TimeControl "G90 + 30secs/move"]
[WhiteFideId "438804"]
[BlackFideId "416860"]
[WhiteElo "2422"]
[BlackElo "2358"]

1. e4 {[%clk 01:30:42]} {[%emt 00:00:17]} e5 {[%clk 01:30:54]} {[%emt
00:00:07]} 2. Nf3 {[%clk 01:31:00]} {[%emt 00:00:12]} Nc6 {[%clk 01:31:18]}
{[%emt 00:00:07]} 3. Bb5 {[%clk 01:31:18]} {[%emt 00:00:11]} a6 {[%clk
01:31:42]} {[%emt 00:00:07]} 4. Ba4 {[%clk 01:31:44]} {[%emt 00:00:03]} Nf6
{[%clk 01:31:10]} {[%emt 00:01:02]} 5. O-O {[%clk 01:32:08]} {[%emt 00:00:06]}
b5 {[%clk 01:29:37]} {[%emt 00:02:03]} 6. Bb3 {[%clk 01:32:32]} {[%emt
00:00:07]} Bc5 {[%clk 01:30:03]} {[%emt 00:00:04]} 7. a4 {[%clk 01:32:48]}
{[%emt 00:00:13]} Rb8 {[%clk 01:30:29]} {[%emt 00:00:04]} 8. c3 {[%clk
01:33:14]} {[%emt 00:00:04]} d6 {[%clk 01:30:52]} {[%emt 00:00:08]} 9. d4
{[%clk 01:33:37]} {[%emt 00:00:06]} Bb6 {[%clk 01:31:18]} {[%emt 00:00:04]} 10.
Na3 {[%clk 01:33:23]} {[%emt 00:00:45]} O-O {[%clk 01:29:58]} {[%emt 00:01:50]}
11. axb5 {[%clk 01:33:49]} {[%emt 00:00:03]} axb5 {[%clk 01:30:22]} {[%emt
00:00:06]} 12. Nxb5 {[%clk 01:34:16]} {[%emt 00:00:03]} Bg4 {[%clk 01:30:34]}
{[%emt 00:00:18]} 13. Bc2 {[%clk 01:34:27]} {[%emt 00:00:20]} Bxf3 {[%clk
01:30:06]} {[%emt 00:00:57]} 14. gxf3 {[%clk 01:34:41]} {[%emt 00:00:15]} Nh5
{[%clk 01:30:32]} {[%emt 00:00:05]} 15. f4 {[%clk 01:34:17]} {[%emt 00:00:54]}
Nxf4 {[%clk 01:30:46]} {[%emt 00:00:16]} 16. Bxf4 {[%clk 01:34:38]} {[%emt
00:00:09]} exf4 {[%clk 01:31:11]} {[%emt 00:00:05]} 17. Na3 {[%clk 01:28:55]}
{[%emt 00:06:13]} Qh4 {[%clk 01:23:00]} {[%emt 00:08:41]} 18. Kh1 {[%clk
01:22:18]} {[%emt 00:07:07]} Ne7 {[%clk 00:59:09]} {[%emt 00:24:21]} 19. Qf3
{[%clk 01:13:14]} {[%emt 00:09:33]} Ng6 {[%clk 00:52:19]} {[%emt 00:07:21]} 20.
Nc4 {[%clk 01:07:11]} {[%emt 00:06:33]} c5 {[%clk 00:43:26]} {[%emt 00:09:23]}
21. Ra6 {[%clk 00:46:04]} {[%emt 00:21:37]} Bc7 {[%clk 00:28:19]} {[%emt
00:15:38]} 22. e5 {[%clk 00:39:30]} {[%emt 00:07:04]} dxe5 {[%clk 00:28:23]}
{[%emt 00:00:25]} 23. Bxg6 {[%clk 00:38:41]} {[%emt 00:01:18]} fxg6 {[%clk
00:21:32]} {[%emt 00:07:22]} 24. dxe5 {[%emt 00:02:23]} Rf5 {[%clk 00:21:23]}
25. Rg1 {[%clk 00:33:10]} {[%emt 00:04:48]} Rh5 {[%clk 00:17:56]} {[%emt
00:03:57]} 26. Rg2 {[%clk 00:32:51]} {[%emt 00:00:49]} Kh8 {[%clk 00:15:38]}
{[%emt 00:02:47]} 27. Ra8 {[%clk 00:25:29]} {[%emt 00:07:52]} h6 {[%clk
00:13:30]} {[%emt 00:02:38]} 28. Rxb8+ {[%clk 00:17:38]} {[%emt 00:08:21]} Bxb8
{[%clk 00:13:54]} {[%emt 00:00:06]} 29. Qc6 {[%clk 00:15:33]} {[%emt 00:02:35]}
Qd8 {[%clk 00:13:53]} {[%emt 00:00:31]} 30. Nd6 {[%clk 00:10:52]} {[%emt
00:05:11]} Kh7 {[%clk 00:07:56]} {[%emt 00:06:28]} 31. Qe4 {[%clk 00:08:54]}
{[%emt 00:02:27]} Rg5 {[%clk 00:07:55]} {[%emt 00:00:31]} 32. Rxg5 {[%clk
00:08:01]} {[%emt 00:01:24]} Qxg5 {[%clk 00:08:19]} {[%emt 00:00:05]} 33. Nf7
{[%clk 00:06:47]} {[%emt 00:01:44]} Qg4 {[%clk 00:07:02]} {[%emt 00:01:47]} 34.
f3 {[%clk 00:03:39]} {[%emt 00:03:38]} Qh4 {[%clk 00:03:27]} {[%emt 00:04:06]}
35. Kg2 {[%clk 00:02:33]} {[%emt 00:01:35]} c4 {[%clk 00:03:52]} {[%emt
00:00:05]} 36. e6 {[%clk 00:02:26]} {[%emt 00:00:37]} Ba7 {[%clk 00:03:11]}
{[%emt 00:01:12]} 37. Qe2 {[%clk 00:02:52]} {[%emt 00:00:03]} Bc5 {[%clk
00:03:26]} {[%emt 00:00:15]} 38. Kh1 {[%clk 00:02:12]} {[%emt 00:01:11]} Qh3
{[%clk 00:03:20]} {[%emt 00:00:35]} 39. Nd8 {[%clk 00:02:01]} {[%emt 00:00:41]}
Be3 {[%clk 00:02:36]} {[%emt 00:01:13]} 40. Qd1 {[%clk 00:01:53]} {[%emt
00:00:39]} Bc5 {[%clk 00:02:10]} {[%emt 00:00:56]} 41. Qe2 {[%clk 00:01:06]}
{[%emt 00:01:18]} Be3 {[%clk 00:01:36]} {[%emt 00:01:03]} 42. Qd1 {[%clk
00:01:32]} {[%emt 00:00:04]} Bc5 {[%clk 00:01:58]} {[%emt 00:00:08]} 1/2-1/2

[Event "English Open Championship 2024"]
[Site "Holiday Inn, 212 Abbey End, Kenilworth CV8 1ED, United Kingdom"]
[Date "2024.06.21"]
[Round "3.5"]
[White "Bowcott-Terry, Finlay"]
[Black "Wadsworth, Matthew J"]
[Result "1/2-1/2"]
[TimeControl "G90 + 30secs/move"]
[WhiteFideId "449199"]
[BlackFideId "415804"]
[WhiteElo "2132"]
[BlackElo "2467"]

1. e4 {[%clk 01:30:58]} {[%emt 00:00:02]} c6 {[%clk 01:30:54]} {[%emt
00:00:06]} 2. d4 {[%clk 01:31:15]} {[%emt 00:00:12]} d5 {[%clk 01:31:18]}
{[%emt 00:00:07]} 3. Nc3 {[%clk 01:31:39]} {[%emt 00:00:06]} dxe4 {[%clk
01:31:33]} {[%emt 00:00:15]} 4. Nxe4 {[%clk 01:32:03]} {[%emt 00:00:06]} Nf6
{[%clk 01:31:55]} {[%emt 00:00:08]} 5. Nxf6+ {[%clk 01:30:30]} {[%emt
00:02:03]} exf6 {[%clk 01:32:07]} {[%emt 00:00:17]} 6. c3 {[%clk 01:28:24]}
{[%emt 00:02:37]} Bd6 {[%clk 01:32:19]} {[%emt 00:00:18]} 7. Bd3 {[%clk
01:28:48]} {[%emt 00:00:06]} O-O {[%clk 01:32:24]} {[%emt 00:00:25]} 8. Qc2
{[%clk 01:29:12]} {[%emt 00:00:06]} Re8+ {[%clk 01:32:43]} {[%emt 00:00:11]} 9.
Ne2 {[%clk 01:29:22]} {[%emt 00:00:21]} h5 {[%clk 01:32:29]} {[%emt 00:00:43]}
10. O-O {[%clk 01:29:27]} {[%emt 00:00:24]} h4 {[%clk 01:32:06]} {[%emt
00:00:54]} 11. h3 {[%clk 01:22:33]} {[%emt 00:07:24]} Nd7 {[%clk 01:32:22]}
{[%emt 00:00:14]} 12. Bd2 {[%clk 01:22:18]} {[%emt 00:00:45]} Nf8 {[%clk
01:30:42]} {[%emt 00:02:09]} 13. Rae1 {[%clk 01:22:18]} {[%emt 00:00:30]} g6
{[%clk 01:31:00]} {[%emt 00:00:13]} 14. f4 {[%clk 01:22:23]} {[%emt 00:00:25]}
f5 {[%clk 01:31:22]} {[%emt 00:00:08]} 15. Kh1 {[%clk 01:21:05]} {[%emt
00:01:48]} Nh7 {[%clk 01:18:34]} {[%emt 00:13:18]} 16. Ng1 {[%clk 01:18:23]}
{[%emt 00:03:12]} Be6 {[%clk 01:13:11]} {[%emt 00:05:53]} 17. Nf3 {[%clk
01:13:30]} {[%emt 00:05:23]} Nf6 {[%clk 01:10:31]} {[%emt 00:03:10]} 18. Ng5
{[%clk 01:08:43]} {[%emt 00:05:17]} Qd7 {[%clk 00:52:49]} {[%emt 00:18:12]} 19.
c4 {[%clk 00:47:53]} {[%emt 00:21:20]} Nh5 {[%clk 00:51:00]} {[%emt 00:02:18]}
20. Rf3 {[%clk 00:47:52]} {[%emt 00:00:31]} Rad8 {[%clk 00:43:33]} {[%emt
00:07:58]} 21. Be3 {[%clk 00:43:10]} {[%emt 00:05:12]} Qc7 {[%clk 00:38:34]}
{[%emt 00:05:28]} 22. Qf2 {[%clk 00:43:06]} {[%emt 00:00:34]} Bc8 {[%clk
00:24:52]} {[%emt 00:14:13]} 23. Qxh4 {[%clk 00:33:42]} {[%emt 00:09:54]} f6
{[%clk 00:23:23]} {[%emt 00:01:59]} 24. c5 {[%clk 00:33:57]} {[%emt 00:00:15]}
fxg5 {[%clk 00:21:51]} {[%emt 00:02:01]} 25. cxd6 {[%clk 00:25:03]} {[%emt
00:09:24]} Qa5 {[%clk 00:17:56]} {[%emt 00:04:25]} 26. fxg5 {[%clk 00:22:14]}
{[%emt 00:03:19]} Be6 {[%clk 00:15:15]} {[%emt 00:03:12]} 27. Qf2 {[%clk
00:21:15]} {[%emt 00:01:29]} Rxd6 {[%clk 00:12:44]} {[%emt 00:03:00]} 28. Bd2
{[%clk 00:21:32]} {[%emt 00:00:13]} Qd8 {[%clk 00:12:48]} {[%emt 00:00:26]} 29.
Bc3 {[%clk 00:21:00]} {[%emt 00:01:03]} Bd5 {[%clk 00:10:33]} {[%emt 00:02:45]}
30. Rxe8+ {[%clk 00:20:42]} {[%emt 00:00:48]} Qxe8 {[%clk 00:11:01]} {[%emt
00:00:01]} 31. Re3 {[%clk 00:21:11]} Re6 {[%clk 00:10:10]} {[%emt 00:01:22]} 32.
Re5 {[%clk 00:21:35]} {[%emt 00:00:05]} f4 {[%clk 00:09:49]} {[%emt 00:00:51]}
33. Kh2 {[%clk 00:21:01]} {[%emt 00:01:05]} a6 {[%clk 00:08:31]} {[%emt
00:01:48]} 34. Be2 {[%emt 00:06:36]} Ng3 {[%clk 00:04:25]} 35. Bg4 {[%clk
00:19:53]} {[%emt 00:00:07]} Rxe5 {[%clk 00:03:22]} {[%emt 00:01:33]} 36. dxe5
{[%clk 00:20:17]} {[%emt 00:00:06]} Ne4 {[%clk 00:03:17]} {[%emt 00:00:35]} 37.
Qxf4 {[%clk 00:20:29]} {[%emt 00:00:18]} Nxc3 {[%clk 00:03:40]} {[%emt
00:00:08]} 38. bxc3 {[%clk 00:20:40]} {[%emt 00:00:19]} Bxa2 {[%clk 00:03:58]}
{[%emt 00:00:11]} 39. c4 {[%clk 00:11:20]} {[%emt 00:09:51]} b5 {[%clk
00:03:55]} {[%emt 00:00:33]} 40. e6 {[%clk 00:10:34]} {[%emt 00:01:16]} 1/2-1/2

[Event "English Open Championship 2024"]
[Site "Holiday Inn, 212 Abbey End, Kenilworth CV8 1ED, United Kingdom"]
[Date "2024.06.21"]
[Round "3.6"]
[White "Roberson, Peter T"]
[Black "Murawski, Jan"]
[Result "1-0"]
[TimeControl "G90 + 30secs/move"]
[WhiteFideId "412384"]
[BlackFideId "21009287"]
[WhiteElo "2420"]
[BlackElo "2134"]

1. e4 {[%clk 01:30:58]} {[%emt 00:00:01]} e5 {[%clk 01:30:59]} {[%emt
00:00:01]} 2. Nf3 {[%clk 01:31:22]} {[%emt 00:00:06]} Nc6 {[%clk 01:31:27]}
{[%emt 00:00:03]} 3. Bb5 {[%clk 01:31:47]} {[%emt 00:00:05]} Nf6 {[%clk
01:31:55]} {[%emt 00:00:02]} 4. d3 {[%clk 01:32:11]} {[%emt 00:00:06]} Ne7
{[%clk 01:32:07]} {[%emt 00:00:17]} 5. Nc3 {[%clk 01:31:49]} {[%emt 00:00:52]}
c6 {[%clk 01:32:31]} {[%emt 00:00:07]} 6. Bc4 {[%clk 01:32:14]} {[%emt
00:00:04]} Ng6 {[%clk 01:31:45]} {[%emt 00:01:16]} 7. h4 {[%clk 01:30:11]}
{[%emt 00:02:34]} h5 {[%clk 01:32:07]} {[%emt 00:00:08]} 8. Ng5 {[%clk
01:29:15]} {[%emt 00:01:26]} d5 {[%clk 01:32:36]} {[%emt 00:00:01]} 9. exd5
{[%clk 01:29:00]} {[%emt 00:00:45]} b5 {[%clk 01:33:04]} {[%emt 00:00:02]} 10.
Bb3 {[%clk 01:28:39]} {[%emt 00:00:50]} cxd5 {[%clk 01:33:33]} {[%emt
00:00:01]} 11. d4 {[%clk 01:27:46]} {[%emt 00:01:23]} e4 {[%clk 01:30:05]}
{[%emt 00:03:59]} 12. Qe2 {[%clk 01:27:37]} {[%emt 00:00:38]} Be7 {[%clk
01:25:11]} {[%emt 00:05:24]} 13. Nxd5 {[%clk 01:21:52]} {[%emt 00:06:15]} Bg4
{[%clk 01:22:40]} {[%emt 00:03:01]} 14. Qxb5+ {[%clk 01:10:44]} {[%emt
00:11:39]} Bd7 {[%clk 01:23:06]} {[%emt 00:00:04]} 15. Nxf6+ {[%clk 01:08:57]}
{[%emt 00:02:17]} gxf6 {[%clk 01:23:03]} {[%emt 00:00:33]} 16. Qd5 {[%clk
01:08:10]} {[%emt 00:01:17]} O-O {[%clk 01:22:44]} {[%emt 00:00:48]} 17. Nxf7
{[%clk 01:06:46]} {[%emt 00:01:55]} 1-0